Statistics for Miley Cyrus music

Click here to take the quiz!

General Stats

  • This quiz has been taken 11 times
    (5 since last reset)
  • The average score is 23 of 134

Answer Stats

AlbumSong% Correct
endless summer vacationflowers
100%
Malibu
100%
Midnight Sky
100%
alongside a tik tok seriesUsed to be young
100%
We Can't Stop
100%
Wrecking Ball
100%
Angel like you
67%
Can't Be Tamed
67%
Fly On The Wall
67%
She is Coming EpMother's Daughter
67%
Party In The USA
67%
Plastic hearts
67%
with Dua LipaPrisoner
67%
river
67%
The Climb
67%
You
67%
Younger NowYounger Now
67%
Mike will made it, Wiz Khalifa, Juicy J featured23
33%
4x4
33%
7 Things
33%
BangerzAdore You
33%
ft Joan Jett and the blackheartsBad Karma
33%
Bad Mood
33%
BB Talk
33%
with Ariana grande and Lana Del ray for Charlie's AngelsDon't Call me Angel
33%
Miley Cyrus& Her Dead PetzDooo It!
33%
Every Rose Has Its Thorn
33%
FU
33%
Handstand
33%
live from iheart radio festivalHeart of glass
33%
island
33%
jaded
33%
featuring Big SeanLighter
33%
ft SiaMuddy feet
33%
Never be me
33%
Mark Ronson featuredNothing Breaks Like a Heart
33%
with Elton John, WATT, Yo Yo, Robert trujillo and chad smithnothing else matters
33%
with Dolly PartonRainbowland
33%
Slide away
33%
The Floyd Song
33%
ft Brandi Carliethousand miles
33%
When I Look At You
33%
Who Owns My Heart
33%
with the kid LaroiWithout you
33%
live from the NIVA save our stages festivalzombie
33%
1 sun
0%
Snoop Lion FeaturedAshtrays and heartbreaks
0%
Bang Me Box
0%
Before The Storm - Duet with Jonas Brothers
0%
Bottom Of The Ocean
0%
BreakoutBreakout
0%
Can't Be Tamed ( Rockangeles Remix)
0%
with RuPaulCattitdue
0%
Cyrus Skies
0%
Borgore FeaturedDecisions
0%
Do My Thang
0%
D.R.E.A.M
0%
Drive
0%
Midnight sky remixedge of midnight
0%
Helping Haitieverybody Hurts
0%
Evil is But a Shadow
0%
Will.i.am featuredFall Down
0%
Will.i.am with dj mustard, French Montana and Wiz KhalifaFeelin Myself
0%
Forgiveness And Love
0%
Fuckin Fucked Up
0%
Full Circle
0%
Fweaky
0%
#GETITRIGHT
0%
Gimmie what i want
0%
Girls Just Wanna Have Fun
0%
golden g String
0%
Goodbye
0%
Hands In the Air
0%
hate me
0%
High
0%
I Forgive Yiew
0%
I Get so Scared
0%
I'm so Drunk
0%
Inspired
0%
I Would Die for You
0%
Artists stand up to cancerJust Stand Up
0%
Karen Don't be Sad
0%
The Time Of Our Lives International VersionKicking And Screaming
0%
Can't Be TamedLiberty Walk
0%
Love Money Party
0%
Love Someone
0%
The Flaming Lips and Moby featuredLucy in the Sky with Diamonds
0%
Maybe You're Right
0%
Milet Tibetan Bowlzz
0%
Milky Milky Milk
0%
Miss You so Much
0%
My Darlin
0%
My Heart Beatas For Love
0%
ft Billy IdolNight Crawling
0%
Bret Michaels featuredNothing to Lose
0%
Obsessed
0%
On My Own
0%
Pablo the Blowfish
0%
Party Up the Street
0%
Permanent December
0%
Robot
0%
Rooting For My Baby
0%
rose colored lenses
0%
Scars
0%
See You Again - Rock Mafia Remix
0%
She's Not Him
0%
Simple Song
0%
featuring Sarah BarthelSlab of Butter
0%
SMS ( Bangerz)
0%
Someone Else
0%
Something About Space Dude
0%
Space Bootz
0%
Stay
0%
Take me Along
0%
Talk Is Cheap
0%
Featuring Ariel PinkTangerine
0%
Lolawolf FeaturedTeardrop
0%
The Driveway
0%
The Most
0%
These Four Walls
0%
The Time Of Our Lives
0%
Thinkin
0%
Tiger Dreams
0%
Twinkle Song
0%
Two More Lonely People
0%
Unholy
0%
violet chemistry
0%
Wake Up America
0%
The Flaming Lips Featuredwe a Famly
0%
Artists for HaitiWe are the world 25 for Haiti
0%
Week without You
0%
wildcard
0%
wonderwoman
0%
Plastic heartsWTF do i know
0%

Score Distribution

Percentile by Number Answered

Percent of People with Each Score

Your Score History

You have not taken this quiz since the last reset